| 000 | 00662nam a22002172 4500 | ||
|---|---|---|---|
| 001 | 0000001407 | ||
| 005 | 20151217151816.0 | ||
| 008 | 070308s xx 000 0 eng d | ||
| 020 | _a3540526080 : | ||
| 040 |
_aKABU _cKABU |
||
| 050 | 0 |
_aHC79 _b.E5F331 |
|
| 100 | 1 |
_aFaber, Malte. _@0000150117 |
|
| 245 | 1 | 0 |
_aEvolution, time, production and the environment / _cMalte Faber, John L. R. Proops. |
| 260 |
_aLondon : _bSpringer-Verlag, _c1990. |
||
| 300 | _axiv, 240 p. | ||
| 650 | 0 |
_aEnvironmental economics. _@0000150102 |
|
| 700 | 1 |
_aProops, J. L. R. _@0000150120 |
|
| 908 | _a070308 | ||
| 950 | _@1 | ||
| 999 |
_c5241 _d5241 |
||